[Event "Harrogate 4NCL op 31st"]
[Site "Harrogate"]
[Date "2024.01.20"]
[Round "3"]
[White "Murawski, Jan"]
[Black "Banerjee, Supratit"]
[Result "1/2-1/2"]
[WhiteElo "1940"]
[BlackElo "1984"]
[PlyCount "139"]
[EventDate "2024.01.19"]
[EventType "swiss"]
[EventRounds "5"]
[EventCountry "ENG"]
[SourceTitle "CB05_2024"]
[SourceDate "2024.01.31"]
[SourceVersion "1"]
[SourceVersionDate "2024.01.31"]
[SourceQuality "1"]

1. d4 d5 2. c4 e6 3. Nc3 Be7 4. Nf3 Nf6 5. Bg5 0-0 6. e3 c6 7. Bd3 dxc4 8. Bxc4 Nd5 9. Bxe7 Qxe7 10. e4 Nxc3 11. bxc3 b5 12. Bd3 Bb7 13. e5 Nd7 14. 0-0 a6 15. Qc2 h6 16. Be4 Nb6 17. Nd2 c5 18. dxc5 Bxe4 19. Nxe4 Nd7 20. f4 Nxc5 21. Nd6 Nb7 22. Rfd1 Rfd8 23. Qe4 Nxd6 24. Rxd6 Rxd6 25. exd6 Qa7+ 26. Kh1 Rd8 27. Qc6 Qa8 28. Qxa8 Rxa8 29. a4 Rc8 30. axb5 axb5 31. g3 Kf8 32. Ra7 Rd8 33. Rb7 Rxd6 34. Rxb5 Ke7 35. Rb7+ Kf6 36. Rb2 Rd1+ 37. Kg2 Rc1 38. Rb3 Rc2+ 39. Kh3 Kg6 40. g4 f5 41. gxf5+ exf5 42. Rb6+ Kh5 43. Rc6 Rd2 44. Rc7 g5 45. fxg5 hxg5 46. Rh7+ Kg6 47. Rc7 Rd3+ 48. Kg2 g4 49. c4 Kg5 50. Rg7+ Kf4 51. Rf7 Rd2+ 52. Kg1 Rc2 53. Ra7 Rxc4 54. Ra2 Rc3 55. Kg2 Ke3 56. Ra8 f4 57. Re8+ Kd3 58. Rd8+ Ke2 59. Re8+ Re3 60. Rf8 f3+ 61. Kg3 Kf1 62. Kxg4 f2 63. h4 Kg2 64. Rxf2+ Kxf2 65. h5 Re4+ 66. Kg5 Re5+ 67. Kg6 Kg3 68. h6 Kg4 69. h7 Re8 70. Kg7 1/2-1/2

[Event "Witney op-A 10th"]
[Site "Witney"]
[Date "2023.11.04"]
[Round "2"]
[White "Murawski, Jan"]
[Black "Ogunshola, Ben"]
[Result "0-1"]
[WhiteElo "2064"]
[BlackElo "2147"]
[PlyCount "116"]
[EventDate "2023.11.04"]
[EventType "swiss"]
[EventRounds "5"]
[EventCountry "ENG"]
[SourceTitle "CB46_2023"]
[SourceDate "2023.11.15"]
[SourceVersion "1"]
[SourceVersionDate "2023.11.15"]
[SourceQuality "1"]

1. d4 d6 2. e4 Nf6 3. f3 g6 4. c4 Bg7 5. Nc3 0-0 6. Be3 e5 7. d5 Nh5 8. Qd2 Qh4+ 9. Qf2 Qxf2+ 10. Bxf2 Bh6 11. c5 Bd7 12. b4 Rc8 13. g3 Bf8 14. Rc1 a5 15. a3 axb4 16. axb4 Ra3 17. Bc4 Bh6 18. Rc2 Ra1+ 19. Ke2 Ba4 20. Ra2 Rxa2+ 21. Bxa2 Be8 22. Bc4 Bf8 23. Nh3 Bd7 24. g4 Nf6 25. Ra1 Nxg4 26. Ra7 Nxf2 27. Nxf2 dxc5 28. bxc5 Bxc5 29. Rxb7 Kf8 30. Nd3 Bd6 31. f4 Bg4+ 32. Kd2 Nd7 33. Nb5 exf4 34. Na7 Re8 35. Nf2 Nc5 36. Rb1 Nxe4+ 37. Nxe4 Rxe4 38. Bd3 Rd4 39. Rb8+ Kg7 40. Nb5 Rxd5 41. Nc3 Rh5 42. Ne4 Rxh2+ 43. Ke1 Rh3 44. Nf2 Re3+ 45. Kf1 Be6 46. Be2 h5 47. Ra8 f3 48. Bd3 Bg3 49. Ra1 Bxf2 50. Bxg6 Re1+ 51. Rxe1 Bxe1 52. Bxh5 f2 53. Bg4 Bxg4 54. Kg2 Be2 55. Kh2 c5 56. Kh3 f1Q+ 57. Kh2 Qf2+ 58. Kh1 Bf3# 0-1

[Event "Polanica Zdroj op 59th"]
[Site "Polanica Zdroj"]
[Date "2023.08.19"]
[Round "1"]
[White "Dziewonski, Dariusz"]
[Black "Murawski, Jan"]
[Result "1-0"]
[WhiteElo "2160"]
[BlackElo "1958"]
[PlyCount "79"]
[EventDate "2023.08.19"]
[EventType "swiss"]
[EventRounds "9"]
[EventCountry "POL"]
[SourceTitle "CBM 215 Extra"]
[Source "ChessBase"]
[SourceDate "2023.09.30"]
[SourceVersion "1"]
[SourceVersionDate "2023.09.30"]
[SourceQuality "1"]

1. e4 e5 2. Nf3 Nc6 3. Bb5 Nf6 4. d3 Ne7 5. 0-0 c6 6. Ba4 Ng6 7. d4 d6 8. Re1 Be7 9. c3 0-0 10. Bc2 d5 11. exd5 exd4 12. dxc6 dxc3 13. Qxd8 Bxd8 14. cxb7 Bxb7 15. Nxc3 Ba5 16. Bd2 Rad8 17. Bg5 Rc8 18. Bxf6 gxf6 19. Re3 Nf4 20. Be4 Ba6 21. Nd5 Nxd5 22. Bxd5 Rc2 23. Rb1 Rfc8 24. h4 Bb6 25. Bb3 Bxe3 26. Bxc2 Bxf2+ 27. Kxf2 Rxc2+ 28. Kg3 Bb7 29. a3 Be4 30. b4 Rxg2+ 31. Kxg2 Bxb1 32. Nd4 Kg7 33. b5 f5 34. Kg3 Be4 35. a4 Kf6 36. Kf4 h5 37. a5 Bd3 38. b6 axb6 39. axb6 Ba6 40. Nb3 1-0

[Event "BCF-chT3W 2223 (4NCL)"]
[Site "England"]
[Date "2023.03.18"]
[Round "7.44"]
[White "Dicen, Elis Denele"]
[Black "Murawski, Jan"]
[Result "1/2-1/2"]
[WhiteElo "1872"]
[BlackElo "1956"]
[PlyCount "60"]
[EventDate "2022.10.22"]
[EventType "team-tourn"]
[EventRounds "11"]
[EventCountry "ENG"]
[SourceTitle "EXT 2024"]
[Source "ChessBase"]
[SourceDate "2023.10.10"]
[SourceVersion "1"]
[SourceVersionDate "2023.10.10"]
[SourceQuality "1"]
[WhiteTeam "Warwicks Select II"]
[BlackTeam "Oxford II"]
[WhiteTeamCountry "ENG"]
[BlackTeamCountry "ENG"]

1. d4 Nf6 2. c4 e6 3. Nc3 d5 4. cxd5 exd5 5. Bg5 Be7 6. e3 c6 7. Qc2 Ne4 8. Bf4 Bd6 9. Bxd6 Nxd6 10. Bd3 Qg5 11. f4 Qe7 12. Qd2 Bf5 13. Bxf5 Nxf5 14. 0-0-0 Nd6 15. Nf3 Nd7 16. Rhe1 Nf6 17. Ne5 Nfe4 18. Nxe4 Nxe4 19. Qc2 f6 20. Nd3 0-0 21. g4 a5 22. Kb1 Rfc8 23. Rc1 b6 24. f5 c5 25. dxc5 bxc5 26. Nf4 Qe5 27. Rcd1 Rab8 28. Ka1 Rd8 29. Nd3 Qe7 30. Nf4 Qe5 1/2-1/2

[Event "Cambridge op"]
[Site "Cambridge"]
[Date "2023.02.17"]
[Round "6"]
[White "Murawski, Jan"]
[Black "Zhu, Pengxiao"]
[Result "1-0"]
[WhiteElo "1708"]
[BlackElo "1437"]
[PlyCount "83"]
[EventDate "2023.02.15"]
[EventType "swiss"]
[EventRounds "9"]
[EventCountry "ENG"]
[SourceTitle "CBM 212 Extra"]
[Source "ChessBase"]
[SourceDate "2023.03.31"]
[SourceVersion "1"]
[SourceVersionDate "2023.03.31"]
[SourceQuality "1"]

1. d4 d5 2. c4 c6 3. Nf3 Nf6 4. Nc3 e6 5. Bg5 Nbd7 6. e3 Qa5 7. Nd2 Bb4 8. Qc2 0-0 9. a3 h6 10. Bf4 Bxc3 11. Qxc3 Qxc3 12. bxc3 Re8 13. Nf3 Ne4 14. Rc1 b6 15. cxd5 exd5 16. c4 Ba6 17. cxd5 Bxf1 18. Kxf1 cxd5 19. Rc7 Ndf6 20. Ke2 Nh5 21. Bg3 Nhxg3+ 22. hxg3 Rec8 23. Rhc1 Rxc7 24. Rxc7 f6 25. Nd2 Nd6 26. a4 Ne4 27. Nxe4 dxe4 28. f3 exf3+ 29. gxf3 Kh7 30. e4 Kg6 31. Ke3 a5 32. Kd3 Rb8 33. Kc4 Rd8 34. g4 Rd6 35. f4 h5 36. gxh5+ Kh6 37. e5 fxe5 38. fxe5 Re6 39. Kd5 Re8 40. e6 Kg5 41. Rxg7+ Kf6 42. Rf7+ 1-0

[Event "Wch U12 blitz"]
[Site "Rhodes"]
[Date "2022.05.03"]
[Round "6"]
[White "Gloeckler, Christian"]
[Black "Murawski, Jan"]
[Result "1-0"]
[WhiteElo "1595"]
[BlackElo "1376"]
[PlyCount "101"]
[EventDate "2022.05.03"]
[EventType "swiss (blitz)"]
[EventRounds "9"]
[EventCountry "GRE"]
[SourceTitle "CBM 208 Extra"]
[Source "ChessBase"]
[SourceDate "2022.07.31"]
[SourceVersion "1"]
[SourceVersionDate "2022.07.31"]
[SourceQuality "1"]

1. e4 e5 2. Nf3 Nc6 3. Bb5 f5 4. d3 fxe4 5. dxe4 Nf6 6. Bg5 Bc5 7. 0-0 0-0 8. Bxf6 Qxf6 9. Qd5+ Qf7 10. Qxc5 d6 11. Qc4 Be6 12. Qe2 Bg4 13. Bc4 Be6 14. Bxe6 Qxe6 15. Nbd2 h6 16. Qc4 Qxc4 17. Nxc4 g5 18. h3 Ne7 19. Ne3 c6 20. Rad1 Rad8 21. c4 Kg7 22. Rd3 Kg6 23. Rfd1 Rf6 24. Nxe5+ Kg7 25. N5g4 Re6 26. Nf5+ Nxf5 27. exf5 Re2 28. R3d2 Re4 29. Rxd6 Rxd6 30. Rxd6 h5 31. Rd7+ Kf8 32. Nf6 Re2 33. Rxb7 g4 34. hxg4 hxg4 35. Nxg4 c5 36. Kf1 Rc2 37. Ne5 Kg8 38. f6 Rc1+ 39. Ke2 Rc2+ 40. Kd3 Rxf2 41. Rb8+ Kh7 42. f7 Kg7 43. f8Q+ Rxf8 44. Rxf8 a5 45. Rf7+ Kg8 46. Ke4 a4 47. Kf5 a3 48. bxa3 Kh8 49. Kg6 Kg8 50. Rf6 Kh8 51. Rf8# 1-0

[Event "Wch U12 rapid"]
[Site "Rhodes"]
[Date "2022.05.01"]
[Round "5"]
[White "Begmuratov, Khumoyun"]
[Black "Murawski, Jan"]
[Result "1-0"]
[WhiteElo "1977"]
[BlackElo "1177"]
[PlyCount "83"]
[EventDate "2022.05.01"]
[EventType "swiss (rapid)"]
[EventRounds "9"]
[EventCountry "GRE"]
[SourceTitle "CBM 208 Extra"]
[Source "ChessBase"]
[SourceDate "2022.07.31"]
[SourceVersion "1"]
[SourceVersionDate "2022.07.31"]
[SourceQuality "1"]

1. e4 e5 2. Nf3 Nc6 3. Bb5 Nf6 4. d3 Bc5 5. 0-0 d6 6. c3 0-0 7. Nbd2 Bg4 8. h3 Bh5 9. Re1 a6 10. Ba4 b5 11. Bc2 Re8 12. Nf1 d5 13. Ng3 Bg6 14. Bg5 d4 15. Bb3 h6 16. Bh4 Qd6 17. Rc1 Bb6 18. Bxf6 Qxf6 19. Bd5 Rad8 20. Bxc6 Qxc6 21. cxd4 Qe6 22. d5 Qf6 23. Rc6 Rd6 24. Rxd6 Qxd6 25. Qc2 Rc8 26. Nh4 Qf6 27. Nhf5 Bxf5 28. Nxf5 Kh7 29. Rc1 g6 30. Ne3 Bxe3 31. fxe3 Qg5 32. Qf2 Kg7 33. Rc6 Qe7 34. Qc2 Qg5 35. Qc1 Qg3 36. d6 Rd8 37. dxc7 Rxd3 38. c8Q Rxe3 39. Rxg6+ fxg6 40. Q1c7+ Kf6 41. Q8d8+ Ke6 42. Qde7# 1-0

[Event "EU-ch Schools U11"]
[Site "Rhodes"]
[Date "2022.04.28"]
[Round "8"]
[White "Murawski, Jan"]
[Black "Gabadadze, Gabriel"]
[Result "1/2-1/2"]
[WhiteElo "1439"]
[BlackElo "1507"]
[PlyCount "85"]
[EventDate "2022.04.21"]
[EventType "swiss"]
[EventRounds "9"]
[EventCountry "GRE"]
[SourceTitle "CBM 208 Extra"]
[Source "ChessBase"]
[SourceDate "2022.07.31"]
[SourceVersion "1"]
[SourceVersionDate "2022.07.31"]
[SourceQuality "1"]

1. d4 Nf6 2. c4 e6 3. Nc3 Bb4 4. Nf3 c5 5. g3 Ne4 6. Qc2 cxd4 7. Nxd4 f5 8. Bg2 Nxc3 9. bxc3 Be7 10. e4 0-0 11. exf5 e5 12. Ne2 d6 13. Qb3 Qc7 14. c5+ Kh8 15. cxd6 Bxd6 16. Ba3 Bxa3 17. Qxa3 Rxf5 18. 0-0 Nc6 19. Rad1 Be6 20. Rd2 Rf7 21. Qc5 Qa5 22. Qxa5 Nxa5 23. Rfd1 Raf8 24. f4 Nc4 25. Rd8 Bg4 26. Rxf8+ Rxf8 27. Re1 Nb2 28. fxe5 Nd3 29. Rf1 Rd8 30. Nd4 Nxe5 31. Bxb7 g6 32. Nc6 Nxc6 33. Bxc6 Rc8 34. Bf3 Be6 35. Rc1 Bxa2 36. Be2 Kg7 37. Ra1 Bf7 38. Ra3 Kf6 39. Kf2 Rc5 40. Ke3 a5 41. Bf3 Ke5 42. Be4 Be6 43. Bd3 1/2-1/2

[Event "EU-ch Schools U11"]
[Site "Rhodes"]
[Date "2022.04.23"]
[Round "3"]
[White "Murawski, Jan"]
[Black "Erdogmus, Yagiz Kaan"]
[Result "0-1"]
[WhiteElo "1439"]
[BlackElo "2358"]
[PlyCount "68"]
[EventDate "2022.04.21"]
[EventType "swiss"]
[EventRounds "9"]
[EventCountry "GRE"]
[SourceTitle "CBM 208 Extra"]
[Source "ChessBase"]
[SourceDate "2022.07.31"]
[SourceVersion "1"]
[SourceVersionDate "2022.07.31"]
[SourceQuality "1"]

1. d4 Nf6 2. Bg5 Ne4 3. Bf4 d5 4. e3 c5 5. Nd2 Nxd2 6. Qxd2 Nc6 7. Nf3 e6 8. c3 Be7 9. Bd3 0-0 10. 0-0 b6 11. Bg3 Bb7 12. Ne5 Nxe5 13. Bxe5 c4 14. Bc2 b5 15. a4 a6 16. b4 cxb3 17. Bxb3 Bc6 18. Rfb1 Qd7 19. Qd1 Rfc8 20. axb5 Bxb5 21. Rc1 a5 22. e4 a4 23. Bc2 g6 24. Qd2 f6 25. Bg3 Bc4 26. Qh6 a3 27. Re1 a2 28. exd5 Bxd5 29. Re3 Ba3 30. Bxg6 hxg6 31. Bd6 Qg7 32. Qf4 Bb2 33. Rh3 Bxa1 34. Be7 Bxc3 0-1